MARC

LEADER 00000nam0a2200000 4500
001 363827
005 20231102011628.0
035 |a (RuTPU)RU\TPU\retro\21174 
090 |a 363827 
100 |a 20211012d1980 m y0rusy5003 ca 
101 0 |a rus 
102 |a UA 
105 |a y j 001zy 
200 1 |a Коллективные явления в твердых телах  |e учебное пособие  |f А. А. Трущенко  |g Киевский политехнический институт 
210 |a Киев  |c [Б. и.]  |d 1980 
215 |a 110 с. 
320 |a Библиография в конце глав 
320 |a Предметный указатель: с. 107-110 
320 |a Список основных сокращений и обозначений: с. 9 
606 1 |a Твердые тела  |2 stltpush  |3 (RuTPU)RU\TPU\subj\58634  |9 76404 
610 1 |a конденсированные фазы 
610 1 |a микрочастицы 
610 1 |a коллективное взаимодействие 
610 1 |a сверхпроводимость 
610 1 |a сверхтекучесть 
610 1 |a ферромагнетизм 
610 1 |a антиферромагнетизм 
610 1 |a микроскопическая теория 
610 1 |a описание 
610 1 |a вторичное квантование 
610 1 |a математический аппарат 
610 1 |a учебные пособия 
675 |a 539.2(075.8)  |v 4 
700 1 |a Трущенко  |b А. А.  |g Антонина Антоновна 
712 0 2 |a Киевский политехнический институт  |2 stltpush  |3 (RuTPU)RU\TPU\col\310  |9 23339 
801 0 |a RU  |b 63413507  |c 19950704  |g psbo 
801 1 |a RU  |b 63413507  |c 20080804  |g PSBO 
801 2 |a RU  |b 63413507  |c 20220317  |g PSBO 
942 |c BK